Star Wars: Clone Wars characters - Statistics

General Stats
  • This quiz has been taken 41 times
  • The average score is 10 of 10
Answer Stats
Hint Answer % Correct
JarJar Binks
100%
Obi-Wan Kenobi
100%
Captain Rex
100%
Anakin Skywalker
100%
Sidious Darth
97%
Count Dooku
97%
Tano Ahsoka
95%
Cody Commander
92%
Darth Maul
92%
Dutchess Satine
84%
No matching quizzes found
Score Distribution
Percent of People with Each Score
Percentile by Number Answered
Your Score History
You have not taken this quiz